En fazla ilçeye sahip iller - Statistics

General Stats
  • This quiz has been taken 110 times
  • The average score is 8 of 12
Answer Stats
İlçe
Sayısı
İl % Correct
39 İstanbul
99%
30 İzmir
98%
25 Ankara
97%
31 Konya
90%
19 Antalya
88%
20 Erzurum
74%
20 Balıkesir
61%
18 Trabzon
61%
19 Denizli
45%
20 Kastamonu
41%
19 Ordu
40%
18 Afyonkarahisar
35%
No matching quizzes found
Score Distribution
Percent of People with Each Score
Percentile by Number Answered
Your Score History
You have not taken this quiz